000 00816nam a2200217 a 4500
001 000044425
003 OSt
005 20240307073948.0
008 140630s2007 dr 000 0 spa d
040 _aDO-SdBNP
_bspa
_cBNPHU
082 _axxx
_axxx
100 1 _aLeón David
_d1945-
_984930
245 1 3 _aEl lenguaje de la poesía. /
_cLeon David.
260 _aSanto Domingo ;
_auniversitaria,
_c2007.
300 _a107 p. ;
_c21 cm.
490 1 _aPublicaciones de la Universidad Autónoma de Santo Domingo
_v1362
_aliteratura y sociedad
_v75
500 _aIncluye datos biográficos del autor en la contracubierta
710 1 _aUniversidad Autónoma de Santo Domingo
_972951
830 0 _aPublicaciones de la Universidad Autónoma de Santo Domingo ;
_v1362
_pliteratura y sociedad ;
_n75
_972440
942 _2ddc
_cLBS1
999 _c43914
_d43914